000 00447nam a2200133Ia 4500
008 100328s9999 xx 000 0 und d
082 _b6577
100 _aआपटे ह.ना.
245 _aतीन नाटके व तीन प्रहसने
260 _b---
630 _aतीन नाटके व तीन प्रहसने
730 _aतीन नाटके व तीन प्रहसने
942 _cBOOK
999 _c502464
_d502461